Datum a čas kvízu
22
Celkem bodů
Celkový počet nahraných bodů na tomto kvízu bez doplňovacích otázek.
7.
Pořadí na kvízu
Konečné umístění týmu na tomto kvízu.
Zaznamenané odpovědi
| # | Otázka | Odpověď | Body | Výsledky |
|---|---|---|---|---|
| 1. | Jedno české město řeší bizarní... | D | 0 | |
| 2. | Jedna země si minulý týden zvo... | Maďarsko | 1 | |
| 3. | Ve čtvrtek měla premiéru komed... | Betlémské světlo | 0 | |
| 4. | Česká vláda zrušila s platnost... | elektronická evidence tržeb (EET) | 0 | |
| 5. | Českou hokejovou reprezentaci... | Kari Jalonen | 0 | |
| 6. | V dalším díle této tematické s... | panda velká | 1 | |
| 7. | Wapiti sibiřský žije v lesích... | D | 0 | |
| 8. | Tito drobní primáti nejsou poz... | nártoun | 0 | |
| 9. | Aktinidie čínská je ovocný str... | kiwi | 0 | |
| 10. | Sumeček žraločí, štíhlohlavec... | pangas (pangasius) | 1 |